LEADER 01261nam2-2200385---450 001 990005700840203316 005 20200506123543.0 035 $a000570084 035 $aUSA01000570084 035 $a(ALEPH)000570084USA01 035 $a000570084 100 $a20061128d1996----|||y0itaa50------ba 101 $aspa$alat 102 $aes 105 $a0 00||| 200 1 $a<<2.: >> Historia de Carlos 5.$elibros 6.-10.$fJuan Ginés de Sepulveda$gedicion critica y traduccion de E. Rodriguez Peregrina$gestudio historico y notas a la traduccion de B. Cuart Moner 210 $aPozoblanco$cExcmo$d1996 215 $aLIII, 151 p.$d25 cm 300 $aTesto in latino e spagnolo. 461 0$1001000570081$12001$aObras completas$v2. 620 $dPOZOBLANCO 676 $a946.04 700 1$aSEPULVEDA,$bJuan Ginés : de$0386940 702 1$aRODRIGUEZ PEREGRINA,$bElena 702 1$aCUART MONER,$bBaltasar 801 0$aIT$bSA$c20111219 912 $a990005700840203316 950 0$aDipar.to di Filosofia - Salerno$dDFAA 946.04 SEP$e8210 FIL 951 $aAA 946.04 SEP$b8210 FIL 959 $aBK 969 $aFIL 979 $c20121027$lUSA01$h1526 979 $c20121027$lUSA01$h1615 996 $aHistoria de Carlos 5$91083859 997 $aUNISA LEADER 02890nam 2200493 450 001 9910155157503321 005 20230810001455.0 035 $a(CKB)3710000000966010 035 $a(MiAaPQ)EBC4756363 035 $a(WSP)000Q0043 035 $a(EXLCZ)993710000000966010 100 $a20161222h20172017 uy 0 101 0 $aeng 135 $aurcnu|||||||| 181 $2rdacontent 182 $2rdamedia 183 $2rdacarrier 200 10$aMulti-objective design of antennas using surrogate models /$fSlawomir Koziel, Adrian Bekasiewicz 210 1$aNew Jersey :$cWorld Scientific,$d2017. 210 4$d©2017 215 $a1 online resource (361 pages) 300 $aTitle from PDF file title page (viewed November 17, 2016). 311 $a1-78634-147-6 311 $a1-78634-148-4 320 $aIncludes bibliographical references and index. 330 $a"This book addresses computationally-efficient multi-objective optimization of antenna structures using variable-fidelity electromagnetic simulations, surrogate modeling techniques, and design space reduction methods. Based on contemporary research, it formulates multi-objective design tasks, highlights related challenges in the context of antenna design, and discusses solution approaches. Specific focus is on providing methodologies for handling computationally expensive simulation models of antenna structures in the sense of their multi-objective optimization. Also given is a summary of recent developments in antenna design optimization using variable-fidelity simulation models. Numerous examples of real-world antenna design problems are provided along with discussions and recommendations for the readers interested in applying the considered methods in their design work. Written with researchers and students in mind, topics covered can also be applied across a broad spectrum of aeronautical, mechanical, electrical, biomedical and civil engineering. It is of particular interest to those dealing with optimization, computationally expensive design tasks and simulation-driven design."--Publisher's website. 606 $aAntennas (Electronics)$xSimulation methods 606 $aAntennas (Electronics)$xMathematical models 606 $aAntennas (Electronics)$xDesign and construction 606 $aMultiple criteria decision making 615 0$aAntennas (Electronics)$xSimulation methods. 615 0$aAntennas (Electronics)$xMathematical models. 615 0$aAntennas (Electronics)$xDesign and construction. 615 0$aMultiple criteria decision making. 676 $a621.382/4 700 $aKoziel$b Slawomir$0721636 702 $aBekasiewicz$b Adrian 801 0$bMiAaPQ 801 1$bMiAaPQ 801 2$bMiAaPQ 906 $aBOOK 912 $a9910155157503321 996 $aMulti-objective design of antennas using surrogate models$92586736 997 $aUNINA